MARC

LEADER 00000nam0a2200000 4500
001 296717
005 20231102000932.0
020 |a RU  |b 84-59744 
035 |a (RuTPU)RU\TPU\book\321825 
090 |a 296717 
100 |a 20150602d1984 m y0rusy5003 ca 
101 0 |a rus 
102 |a RU 
105 |a a j 000zy 
200 1 |a Ремонт устройств релейной защиты и автоматики  |e учебник для средних ПТУ  |f В. Н. Камнев 
205 |a 2-е изд., перераб. и доп. 
210 |a Москва  |c Высшая школа  |d 1984 
215 |a 240 с.  |c ил.  |d 20 см 
225 1 |a Профессионально-техническое образование 
606 1 |a Релейная защита в целом  |2 stltpush  |3 (RuTPU)RU\TPU\subj\24926  |9 49192 
606 1 |a Энергетические системы  |x Автоматика  |2 stltpush  |3 (RuTPU)RU\TPU\subj\21253  |9 46272 
610 1 |a аппаратура 
610 1 |a ремонт 
610 1 |a электрические сети 
610 1 |a распределительные устройства 
610 1 |a электрическое оборудование 
610 1 |a коммутационные аппараты 
610 1 |a дистанционное управление 
610 1 |a электромонтажные работы 
610 1 |a техническое обслуживание 
610 1 |a учебники 
675 |a 621.316.925.1(075.32)  |z rus  |v 4 
675 |a 621.311-5(075.32)  |z rus  |v 4 
700 1 |a Камнев  |b В. Н.  |g Виктор Николаевич  |4 070 
801 0 |a RU  |b RuMRKP  |c 19950704  |g psbo 
801 1 |a RU  |b 63413507  |c 20150602 
801 2 |a RU  |b 63413507  |c 20180522  |g RCR 
942 |c BK